Złota Piłka 2011 - Top 10 - Statystyki

Ogólne statystyki
  • Ten quiz został rozwiązany 619 razy
  • Średni wynik to 9 z 10
Statystyki odpowiedzi
Lp. Kraj Klub Zawodnik % Poprawnych
2 Real Madryt Portugalia Cristiano Ronaldo
100%
1 Barcelona Argentyna Lionel Messi
100%
4 Barcelona Hiszpania Andres Iniesta
99%
3 Barcelona Hiszpania Xavi
98%
10 Santos Brazylia Neymar
96%
6 Liverpool Urugwaj Luis Suarez
95%
5 Man United Anglia Wayne Rooney
88%
9 Real Madryt Hiszpania Iker Casillas
81%
7 Inter Urugwaj Diego Forlan
72%
8 Anży Kamerun Samuel Eto'o
72%
Nie znaleziono quizów pasujących do podanych kryteriów
Rozkład punktacji
Procent ludzi z każdym wynikiem
Percentyl według liczby udzielonych odpowiedzi
Twoja historia wyników
Nie rozwiązałeś tego quizu